Physical geology: Earth revealed

This book is a straightforward, easy-to-read introduction to geology for both geology majors and nonmajors. The book is up-to-date, and includes discussions of such recent event as Exxon valdez oil spill. and the 1989 Loma Prieta earthquake near San Francisco. Almost all the figures are now in full...

Popoln opis

Shranjeno v:
Bibliografske podrobnosti
Glavni avtor: David McGeary
Format: Knjiga
Jezik:Undetermined
Izdano: Dubuque, Iowa Wm. C. Brown 1992
Teme:
Oznake: Označite
Brez oznak, prvi označite!
Thư viện lưu trữ: Trung tâm Học liệu Trường Đại học Cần Thơ
LEADER 00837nam a2200205Ia 4500
001 CTU_16346
008 210402s9999 xx 000 0 und d
020 |b USA 
082 |a 551 
082 |b M113 
100 |a David McGeary 
245 0 |a Physical geology: Earth revealed 
245 0 |c David McGeary, Charles C Plummer 
260 |a Dubuque, Iowa 
260 |b Wm. C. Brown 
260 |c 1992 
520 |a This book is a straightforward, easy-to-read introduction to geology for both geology majors and nonmajors. The book is up-to-date, and includes discussions of such recent event as Exxon valdez oil spill. and the 1989 Loma Prieta earthquake near San Francisco. Almost all the figures are now in full color 
650 |a physical geology 
904 |i Minh, 970523 
980 |a Trung tâm Học liệu Trường Đại học Cần Thơ